| 000 | 00466cam a22001337a 4500 | ||
|---|---|---|---|
| 008 | 180718b1969 xxu||||| |||| 00| 0 eng d | ||
| 082 | _aT3942x54 In2/Alu/1968 | ||
| 100 | _aTariff Commission | ||
| 245 |
_aReport on the continuance of protection to the aluminium industry, Bombay, 1968 _cby Tariff Commission, India |
||
| 260 |
_aDelhi _bThe Manager of Publications _c1969 |
||
| 300 | _a110+p. | ||
| 500 | _aChairman: B.N. Banerji | ||
| 700 | _aBanerji, B.N. (Chairman) | ||
| 999 |
_c489812 _d489812 |
||